Statistiques concernant Les jeux Sims

Cliquez ici pour prendre le quiz!

Statistiques générales

  • Ce quiz a été pris 28 fois
  • Le résultat moyen est 9 sur 66

Statistiques - réponses

Jeu% Correct
Série principaleLes Sims
100%
Série principaleLes Sims 2
92%
Série principaleLes Sims 3
88%
Série principaleLes Sims 4
88%
Jeu dérivéLes Sims Medieval
28%
Jeu dérivéLes Sims Mobile
28%
Jeu dérivéLes Sims Freeplay
24%
Série principaleLes Sims 3: Ambitions
16%
Série principaleLes Sims 3: Saisons
16%
Série principaleLes Sims 4: Au travail
16%
Série principaleLes Sims 4: Saisons
16%
Jeu dérivéMySims
16%
Jeu dérivéLes Sims 2: Naufragés
12%
Série principaleLes Sims 3: Accès VIP
12%
Série principaleLes Sims 3: Animaux & Cie
12%
Série principaleLes Sims 3: Destination Aventure
12%
Série principaleLes Sims 3: Générations
12%
Série principaleLes Sims 3: Showtime
12%
Série principaleLes Sims 3: Super-Pouvoirs
12%
Série principaleLes Sims 3: University
12%
Série principaleLes Sims 4: Chiens et Chats
12%
Série principaleLes Sims 4: Iles paradisiaques
12%
Série principaleLes Sims 4: Vie citadine
12%
Série principaleLes Sims: Entre chiens et chats
12%
Série principaleLes Sims 2: Académie
8%
Série principaleLes Sims 2: Au fil des saisons
8%
Série principaleLes Sims 2: Bon Voyage
8%
Série principaleLes Sims 2: La Bonne Affaire
8%
Série principaleLes Sims 2: La Vie en appartement
8%
Série principaleLes Sims 2: Nuits de folie
8%
Série principaleLes Sims 2: Quartier Libre
8%
Série principaleLes Sims 3: En route vers le futur
8%
Série principaleLes Sims 3: Ile de Rêve
8%
Série principaleLes Sims 4: A la fac
8%
Série principaleLes Sims 4: A Louer
8%
Série principaleLes Sims 4: Années lycée
8%
Série principaleLes Sims 4: Escapade enneigée
8%
Série principaleLes Sims 4: Grandir Ensemble
8%
Série principaleLes Sims 4: Heure de gloire
8%
Série principaleLes Sims 4: Vie à la campagne
8%
Série principaleLes Sims 4: Vie au Ranch
8%
Série principaleLes Sims 4: Vivre ensemble
8%
Série principaleLes Sims: Abracadabra
8%
Série principaleLes Sims: Ca vous change la vie
8%
Série principaleLes Sims: En vacances
8%
Série principaleLes Sims: Et plus si affinités...
8%
Jeu dérivéLes Sims Online
8%
Série principaleLes Sims: Superstar
8%
Série principaleLes Sims: Surprise-partie
8%
Jeu dérivéMySims Kingdom
8%
Jeu dérivéThe Sims Social
8%
Série principaleLes Sims 2: Animaux et Cie
4%
Jeu dérivéLes Sims 2: Mes petits compagnons
4%
Série principaleLes Sims 4: Ecologie
4%
Jeu dérivéLes Sims Carnival
4%
Jeu dérivéLes Sims: Histoires d'animaux
4%
Jeu dérivéLes Sims: Histoires de naufragés
4%
Jeu dérivéLes Sims: Histoires de vie
4%
Jeu dérivéLes Sims Medieval: Pirates et Nobles
4%
Jeu dérivéLes Sims: Permis de sortir
4%
Jeu dérivéLes Urbz: Les Sims in the City
4%
Jeu dérivéMySims Agents
4%
Jeu dérivéMySims Party
4%
Jeu dérivéMySims Racing
4%
Jeu dérivéHistoire de Sims
0%
Jeu dérivéMySims SkyHeroes
0%

Distribution des résultats

Percentile par nombre de réponses

% des personnes avec chaque résultat

Votre développement - résultats

Vous n’avez pas pris ce quiz